000 01846nam a2200541 i 4500
001 24436
003 KOSZ 005
005 20220426093315.0
008 970612s1991 pl a f |001 0 pol
015 _aUWD 1991/9978
020 _a8320410746
035 _a991001976979705066
035 _a(PL-WaBN)b10552571-48omnis_nlop
035 _ab10552571
035 _a(OCoLC)749670240
035 _a(PL)b0000001055257
035 _a(EXLNZ-48OMNIS_NETWORK)9910043796805606
040 _aWA N
_cWA N
_dKOSZ 005/EG
_dKOSZ 005/HR
046 _k1978
080 _a66.01/.09
080 _a51
080 _a(075.8)
100 1 _aSieniutycz, Stanisław
_d(1940- )
_eAutor
245 1 0 _aOptymalizacja w inżynierii procesowej /
_cStanisław Sieniutycz.
250 _aWyd. 2 popr. i rozsz.
260 _aWarszawa :
_bWydawnictwa Naukowo-Techniczne,
_c1991.
300 _a418, [2] s. :
_brys., wykr. ;
_c24 cm.
336 _2rdacontent
_aTekst
_btxt
337 _2rdamedia
_aBez urządzenia pośredniczącego
_bn
338 _2rdacarrier
_aWolumin
_bnc
380 _aKsiążki
380 _aPublikacje dydaktyczne
385 _mPoziom nauczania
_aSzkoły wyższe
388 _a1901-2000
490 1 _aInżynieria Chemiczna
504 _aBibliogr. s. 409-411. - Indeks.
521 _aDla słuchaczy wydz. chemicznych politechnik na kier. Inżynieria Chemiczna.
650 7 _aOptymalizacja
_2DBN
650 7 _aTechnologia chemiczna
_2DBN
655 7 _aPodręczniki akademickie
_2DBN
658 _aInżynieria i technika
658 _aChemia
710 2 _aWydawnictwa Naukowo-Techniczne
_4pbl
830 0 _aInżynieria Chemiczna
856 _uhttp://koha.tu.koszalin.pl/cgi-bin/koha/opac-detail.pl?biblionumber=24436
_yKatalog online BPK
942 _2UKD
_cKS
999 _c24436
_d24436